| 000 | 00667nam a2200205 a 4500 | ||
|---|---|---|---|
| 005 | 20231124063639.0 | ||
| 008 | 070828s2000 mx r 000 0 spa d | ||
| 020 | _a9701857690 | ||
| 035 | _aUPN01000151519 | ||
| 049 | _aCG | ||
| 050 | 4 |
_aF1219.3 G6 _bI5.3 |
|
| 245 | 0 | 0 |
_aIndigenismo : _breflexiones críticas / _ccoord. Natividad Gutíerrz Chong. |
| 260 |
_aMéxico : _bINI, _c2000. |
||
| 300 |
_a255 p. : _bil. |
||
| 650 | 4 |
_aIndígenas de México _xRelaciones con el gobierno _97938 |
|
| 650 | 4 |
_aIndígenas de México _xIdentidad étnica _91671 |
|
| 650 | 4 |
_aMulticulturalismo _zMéxico _97488 |
|
| 700 | 1 |
_aGutiérrez Chong, Natividad, _ecoord. |
|
| 905 | _aLibro | ||
| 999 |
_c123655 _d123655 |
||